[Event "Verbandsliga Nordbaden 2223"]
[Site "Germany"]
[Date "2022.09.25"]
[Round "1.3"]
[White "Haas, Michael"]
[Black "Krauss, Hans Peter"]
[Result "1/2-1/2"]
[WhiteElo "2208"]
[BlackElo "2198"]
[PlyCount "54"]
[EventDate "2022.09.25"]
[EventType "team-tourn"]
[EventRounds "9"]
[EventCountry "GER"]
[SourceTitle "EXT 2024"]
[Source "ChessBase"]
[SourceDate "2023.10.10"]
[SourceVersion "1"]
[SourceVersionDate "2023.10.10"]
[SourceQuality "1"]
[WhiteTeam "Walldorf II"]
[BlackTeam "Lindenhof"]
[WhiteTeamCountry "GER"]
[BlackTeamCountry "GER"]

1. e4 c5 2. d4 cxd4 3. c3 d3 4. Bxd3 Nc6 5. c4 d6 6. Nc3 g6 7. Nge2 Bg7 8. 0-0 Nf6 9. f3 0-0 10. Be3 Ne5 11. Nd4 Bd7 12. Rc1 Rc8 13. Qe2 Nxd3 14. Qxd3 Qa5 15. Rc2 Qb4 16. Ncb5 a6 17. a3 Qa4 18. b3 Qa5 19. Nc3 Qxa3 20. Ra2 Qb4 21. Rb1 b5 22. Nc2 bxc4 23. Nxb4 cxd3 24. Ncd5 Nxd5 25. Nxd5 Rfe8 26. Rxa6 Bc6 27. b4 Bxd5 1/2-1/2

[Event "GER-ch Net blitz qual1"]
[Site "Playchess.com INT"]
[Date "2020.03.07"]
[Round "3"]
[White "Krauss, Hans Peter"]
[Black "Noe, Christopher"]
[Result "0-1"]
[WhiteElo "2198"]
[BlackElo "2518"]
[PlyCount "24"]
[EventDate "2020.03.07"]
[EventType "swiss (blitz)"]
[EventRounds "9"]
[EventCountry "GER"]
[SourceTitle "CBM 195 Extra"]
[Source "ChessBase"]
[SourceDate "2020.05.31"]
[SourceVersion "1"]
[SourceVersionDate "2020.05.31"]
[SourceQuality "1"]

1. e4 Nf6 2. Nc3 d5 3. e5 Nfd7 4. d4 e6 5. Nce2 c5 6. c3 Nc6 7. Nf3 b5 8. g3 b4 9. cxb4 cxd4 10. b5 Ndxe5 11. Nfxd4 Bb4+ 12. Bd2 Nd3# 0-1

[Event "Verbandsliga Nordbaden 1920"]
[Site "Baden"]
[Date "2019.09.29"]
[Round "1.5"]
[White "Stemmler, Tim"]
[Black "Krauss, Hans Peter"]
[Result "1/2-1/2"]
[WhiteElo "2037"]
[BlackElo "2198"]
[PlyCount "78"]
[EventDate "2019.09.29"]
[EventType "team-tourn"]
[EventRounds "9"]
[EventCountry "GER"]
[SourceTitle "EXT 2021"]
[Source "ChessBase"]
[SourceDate "2020.10.23"]
[SourceVersion "1"]
[SourceVersionDate "2020.10.23"]
[SourceQuality "1"]
[WhiteTeam "Ladenburg"]
[BlackTeam "Lindenhof"]
[WhiteTeamCountry "GER"]
[BlackTeamCountry "GER"]

1. d4 Nf6 2. c4 c5 3. d5 d6 4. Nc3 g6 5. e4 Bg7 6. Nf3 0-0 7. Bd3 Bg4 8. h3 Bxf3 9. Qxf3 Nbd7 10. Qd1 e6 11. 0-0 exd5 12. exd5 a6 13. Be3 Rb8 14. Qd2 Re8 15. Rfe1 Qa5 16. a3 Qc7 17. Rab1 Ne5 18. Be2 Ned7 19. Rbc1 Ne4 20. Nxe4 Rxe4 21. Bd3 Ree8 22. b4 b6 23. Rb1 Be5 24. g4 b5 25. Rec1 bxc4 26. Bxc4 Ra8 27. Bf1 Rec8 28. Rc2 Qd8 29. Rbc1 Qf8 30. Bg2 Ra7 31. f4 Bf6 32. Qf2 Be7 33. Bf3 Qd8 34. g5 a5 35. Bg4 axb4 36. axb4 Rcc7 37. bxc5 Nxc5 38. Bxc5 Rxc5 39. Rxc5 dxc5 1/2-1/2

[Event "Verbandsliga Nord Baden 1314"]
[Site "Germany"]
[Date "2014.03.23"]
[Round "8.3"]
[White "Krauss, Hans Peter"]
[Black "Pfleger, Michael"]
[Result "0-1"]
[WhiteElo "2218"]
[BlackElo "2207"]
[PlyCount "104"]
[EventDate "2013.10.20"]
[EventType "team-tourn"]
[EventRounds "9"]
[EventCountry "GER"]
[SourceTitle "EXT 2015"]
[Source "ChessBase"]
[SourceDate "2014.11.20"]
[SourceVersion "1"]
[SourceVersionDate "2014.11.20"]
[SourceQuality "1"]
[WhiteTeam "Lindenhof"]
[BlackTeam "Bad Mergentheim II"]
[WhiteTeamCountry "GER"]
[BlackTeamCountry "GER"]

1. d4 f5 2. Bg5 c5 3. e3 Nc6 4. Nf3 Qa5+ 5. c3 d5 6. Nbd2 c4 7. Be2 Nf6 8. Bxf6 exf6 9. 0-0 b5 10. b4 Qa3 11. Qc2 Bd7 12. Nb1 Qa4 13. Qb2 Bd6 14. Bd1 Qa6 15. a4 0-0 16. Nfd2 Ne7 17. axb5 Qb7 18. Na3 Rac8 19. Bf3 Bb8 20. g3 g5 21. Rfe1 Qc7 22. Qc2 Rf7 23. Qa4 Qd8 24. Qa6 Qf8 25. Kh1 Kh8 26. Ra2 Re8 27. b6 axb6 28. Qxb6 f4 29. exf4 gxf4 30. Nb5 fxg3 31. fxg3 Nf5 32. Rxe8 Qxe8 33. Nf1 Bxb5 34. Re2 Ne7 35. Bh5 Kg7 36. Bxf7 Kxf7 37. Qe6+ Kf8 38. Qxf6+ Qf7 39. Qh6+ Ke8 40. Kg2 Qg6 41. Qe3 Bd6 42. Ra2 Bd7 43. Ra8+ Kf7 44. Qf3+ Qf5 45. Ne3 Qxf3+ 46. Kxf3 Ng8 47. Rd8 Nf6 48. Nxd5 Bg4+ 49. Kg2 Nxd5 50. Rxd6 Nxc3 51. Rh6 Bf5 52. Rc6 Be4+ 0-1

[Event "Verbandsliga Nord Baden 1213"]
[Site "Baden"]
[Date "2013.01.13"]
[Round "4.4"]
[White "Nekrasov, Mihail"]
[Black "Krauss, Hans Peter"]
[Result "1-0"]
[WhiteElo "2394"]
[BlackElo "2218"]
[PlyCount "77"]
[EventDate "2012.10.21"]
[EventType "team-tourn"]
[EventRounds "9"]
[EventCountry "GER"]
[SourceTitle "EXT 2014"]
[Source "ChessBase"]
[SourceDate "2013.11.20"]
[SourceVersion "1"]
[SourceVersionDate "2013.11.20"]
[SourceQuality "1"]
[WhiteTeam "Hockenheim II"]
[BlackTeam "Lindenhof"]
[WhiteTeamCountry "GER"]
[BlackTeamCountry "GER"]

1. e4 c5 2. Nf3 Nc6 3. Bb5 g6 4. Bxc6 dxc6 5. d3 Bg7 6. h3 e5 7. a3 h6 8. 0-0 Qe7 9. Be3 Nf6 10. b4 Nd7 11. Nbd2 0-0 12. Qb1 Re8 13. Qb3 b6 14. Qc3 Bf8 15. Nb3 cxb4 16. Qxc6 Rb8 17. axb4 Bb7 18. Qa4 Rec8 19. b5 f5 20. Ra2 Nf6 21. Nh4 f4 22. Bc1 Nxe4 23. Nxg6 Qg5 24. dxe4 Qxg6 25. f3 Qe6 26. Nd2 Bc5+ 27. Kh1 Kh8 28. Qc4 Qg6 29. Qe2 Rc7 30. Bb2 Bd6 31. Nc4 Rxc4 32. Qxc4 Rg8 33. Qe2 Bc8 34. Raa1 Qh5 35. Rad1 Rg3 36. Rxd6 Bxh3 37. Kg1 Rxg2+ 38. Qxg2 Bxg2 39. Kxg2 1-0

[Event "PF-op"]
[Site "Eisenberg"]
[Date "1993.??.??"]
[Round "?"]
[White "Schneider, Attila"]
[Black "Krauss, Hans Peter"]
[Result "0-1"]
[WhiteElo "2355"]
[BlackElo "2230"]
[PlyCount "56"]
[EventDate "1993.??.??"]
[EventType "swiss"]
[EventRounds "7"]
[EventCountry "GER"]
[SourceTitle "GER"]
[Source "ChessBase"]
[SourceDate "1999.07.01"]
[SourceVersion "1"]
[SourceVersionDate "1999.07.01"]
[SourceQuality "1"]

1. b3 b6 2. Bb2 Bb7 3. e3 Nf6 4. Ne2 c5 5. d4 e6 6. Nd2 d5 7. f3 Nbd7 8. g3 h5 9. h4 Qc7 10. Kf2 Bd6 11. Rc1 0-0 12. Bh3 Rae8 13. Rg1 e5 14. c3 Re7 15. Nf1 Rfe8 16. Rc2 Ba6 17. c4 exd4 18. exd4 dxc4 19. bxc4 Bxc4 20. Nc1 b5 21. Rxc4 bxc4 22. Qc2 cxd4 23. Bxd4 Bc5 24. Bxc5 Qxc5+ 25. Kg2 Re1 26. Kh1 Qa3 27. Nd2 Rxg1+ 28. Kxg1 Re1+ 0-1